000 00429nab a2200145Ia 4500
003 ES-SlBCS
005 20210601131743.0
008 140529s1932 xxu||||| |||| 00| 0 fre d
041 _afre
100 1 _aStewarts, G.
_9188593
245 0 2 _aA l'origine du Christianisme social
_c G. Stewarts
650 0 4 _aCristianismo Social
_9173377
773 0 _tVie Intelectuelle (La)
_gvol. 18, nº. 1, 1932, págs. 9-32
_wRev907
942 _cAR
999 _c568206
_d568206